[Event "Ostsjaellands EMT 2008"]
[Site "Faxe"]
[Date "2008.03.26"]
[Round "1"]
[White "Wehlast, Svend Erik"]
[Black "Jensen, Leif"]
[Result "0-1"]
[WhiteElo "1427"]
[BlackElo "2004"]
[PlyCount "78"]
[EventDate "2008.03.26"]

1. d4 d5 2. c4 c6 3. Nc3 Nf6 4. Nf3 e6 5. e3 Nbd7 6. Bd3 Bd6 7. e4 dxe4 8. Nxe4
Nxe4 9. Bxe4 Nf6 10. Bc2 O-O 11. O-O Qc7 12. c5 Bf4 13. Be3 Rd8 14. Qe2 Bd7 15.
b4 Nd5 16. a3 a5 17. Qd2 Ra7 18. g3 Bxe3 19. fxe3 Be8 20. e4 Ne7 21. Qf2 Rda8
22. Ng5 Ng6 23. e5 axb4 24. Bxg6 hxg6 25. g4 Qd8 26. Rad1 Qxg5 27. axb4 Qxg4+
28. Qg3 Qxg3+ 29. hxg3 Ra3 30. Kg2 Rb3 31. Kh3 Raa3 32. Rg1 Rxb4 33. Rd2 f5 34.
exf6 gxf6 35. Rf1 Kf7 36. Rdf2 f5 37. Rd2 g5 38. Re1 Kf6 39. Kg2 Rbb3 0-1

[Event "Ostsjaellands EMT 2008"]
[Site "Faxe"]
[Date "2008.03.26"]
[Round "1"]
[White "Christensen, Lars (1957)"]
[Black "Joost, Kjeld"]
[Result "1-0"]
[WhiteElo "1966"]
[BlackElo "1419"]
[PlyCount "35"]
[EventDate "2008.03.26"]

1. e4 e5 2. f4 Nc6 3. Nf3 Bd6 4. d4 exd4 5. Bc4 Qe7 6. O-O Bc5 7. c3 dxc3+ 8.
Kh1 cxb2 9. Bxb2 f6 10. Nc3 Qd6 11. Nd5 Kd8 12. e5 fxe5 13. fxe5 Qg6 14. Nh4
Qe8 15. Nf5 Qg6 16. Nd6 Bxd6 17. exd6 cxd6 18. Rf8+ 1-0

[Event "Ostsjaellands EMT 2008"]
[Site "Faxe"]
[Date "2008.03.26"]
[Round "1"]
[White "Christoffersen, Ib"]
[Black "Lindskov, Villy"]
[Result "0-1"]
[WhiteElo "1353"]
[BlackElo "1868"]
[PlyCount "90"]
[EventDate "2008.03.26"]

1. d4 Nf6 2. c4 e6 3. Nc3 d5 4. c5 c6 5. Bg5 Be7 6. e3 Nbd7 7. Bd3 h6 8. Bh4 e5
9. Nge2 e4 10. Bc2 O-O 11. h3 Nh5 12. Bxe7 Qxe7 13. g4 Nhf6 14. Ng3 g6 15. h4
Nb8 16. g5 Ng4 17. Qd2 b6 18. Bd1 h5 19. Nce2 bxc5 20. dxc5 Qxc5 21. Nd4 Qb6
22. Rc1 Bd7 23. Nb3 Na6 24. a3 Ne5 25. O-O Bh3 26. Re1 Qxb3 27. Kh2 Qb7 28.
Kxh3 Nd3 29. Be2 Nxe1 30. Rxe1 Nc5 31. Qc3 Nd3 32. Rf1 Qd7+ 33. Kg2 Qe6 34.
Bxh5 gxh5 35. Nxh5 Qg4+ 36. Ng3 Qf3+ 37. Kg1 c5 38. h5 Kh7 39. Qa5 Rg8 40. g6+
fxg6 41. Qc7+ Rg7 42. hxg6+ Kh8 43. Qc6 Rag8 44. Qxd5 Rxg6 45. Qd7 Rxg3+ 0-1

[Event "Ostsjaellands EMT 2008"]
[Site "Faxe"]
[Date "2008.02.26"]
[Round "1"]
[White "Sorensen, Soren"]
[Black "Hansen, Arne Mandrup"]
[Result "1-0"]
[WhiteElo "1866"]
[BlackElo "1307"]
[PlyCount "107"]
[EventDate "2008.03.26"]

1. b3 d5 2. Bb2 f5 3. e3 Nf6 4. Be2 g6 5. c4 e6 6. Nf3 Bg7 7. O-O O-O 8. Nc3 c6
9. Rc1 a5 10. Qc2 Na6 11. Qb1 Nc5 12. Ba3 b6 13. d4 Nce4 14. Bxf8 Nxc3 15. Rxc3
Bxf8 16. Ne5 Qe8 17. f3 c5 18. Rd1 Bb7 19. cxd5 exd5 20. a4 Bh6 21. Bb5 Qe7 22.
Qd3 Bg7 23. Rc2 Nh5 24. f4 Nf6 25. dxc5 bxc5 26. Rdc1 Ne4 27. Bc6 Bxe5 28.
Qxd5+ Kf8 29. fxe5 Bxc6 30. Qxc6 Rb8 31. Rxc5 Nxc5 32. Qxc5 Qxc5 33. Rxc5 Rxb3
34. Kf2 Rb4 35. Rxa5 Re4 36. Ra7 h5 37. a5 Rxe5 38. a6 Ra5 39. h3 g5 40. Ra8+
Kg7 41. a7 g4 42. h4 Ra2+ 43. Kg3 Ra4 44. Kf2 Ra2+ 45. Ke1 Ra3 46. Kd2 Ra2+ 47.
Kc3 Ra3+ 48. Kb4 Ra2 49. Kc5 Ra5+ 50. Kb6 Ra2 51. Rb8 Rb2+ 52. Kc5 Rc2+ 53. Kd4
Rd2+ 54. Ke5 1-0

[Event "Ostsjaellands EMT 2008"]
[Site "Faxe"]
[Date "2008.03.26"]
[Round "1"]
[White "Lillebro, Verner"]
[Black "Andersen, Bjarne Hjorth"]
[Result "0-1"]
[WhiteElo "1294"]
[BlackElo "1846"]
[PlyCount "56"]
[EventDate "2008.03.26"]

1. e4 d5 2. exd5 Nf6 3. Nc3 Nxd5 4. Nxd5 Qxd5 5. b3 Qe5+ 6. Be2 Qxa1 7. a4 Bf5
8. Nf3 e6 9. O-O Ba3 10. h3 Qxc1 11. Qxc1 Bxc1 12. Rxc1 O-O 13. d4 Nc6 14. c3
Rad8 15. b4 h6 16. Re1 Ne7 17. c4 Be4 18. Rd1 Nf5 19. Kh2 Bxf3 20. Bxf3 Rxd4
21. Rc1 c6 22. Be2 Rd2 23. Re1 Nd4 24. Rd1 Rxd1 25. Bxd1 Rd8 26. a5 Nb5 27. Bf3
Na3 28. c5 Rd4 0-1

[Event "Ostsjaellands EMT 2008"]
[Site "Faxe"]
[Date "2008.03.26"]
[Round "1"]
[White "Eriksen, Keld"]
[Black "Andersen, Hans Poul"]
[Result "1-0"]
[WhiteElo "1695"]
[BlackElo "1280"]
[PlyCount "75"]
[EventDate "2008.03.26"]

1. e4 e5 2. d4 Bd6 3. Bc4 Qe7 4. Nf3 h6 5. O-O Nf6 6. Nc3 a6 7. a4 O-O 8. dxe5
Bxe5 9. Nd5 Nxd5 10. Qxd5 d6 11. Be2 Nc6 12. c3 Be6 13. Qd1 Rad8 14. Be3 Na5
15. Nd2 f5 16. f4 Bf6 17. Rc1 Nc6 18. b4 fxe4 19. Nxe4 Bf5 20. Nxf6+ Rxf6 21.
Bf2 Re8 22. Bf3 Qd7 23. b5 Nd8 24. Bd4 Rff8 25. g4 Be4 26. Be2 axb5 27. axb5 b6
28. f5 Qf7 29. c4 Nb7 30. Bf3 Nc5 31. Be2 Ra8 32. Rc3 Ra2 33. Rf4 Rfa8 34. Bxc5
Ra1 35. Rc1 Rxc1 36. Qxc1 dxc5 37. Rxe4 Qf8 38. Qe3 1-0

[Event "Ostsjaellands EMT 2008"]
[Site "Faxe"]
[Date "2008.03.26"]
[Round "1"]
[White "Nielsen, Poul Erik2"]
[Black "Refsgaard, Kaj"]
[Result "0-1"]
[WhiteElo "1255"]
[BlackElo "1645"]
[PlyCount "62"]
[EventDate "2008.03.26"]

1. Nf3 c5 2. c4 g6 3. d4 cxd4 4. Nxd4 Bg7 5. e3 Nc6 6. Nb3 Nf6 7. Be2 O-O 8.
O-O d6 9. Nc3 b6 10. a3 Ne5 11. f4 Ned7 12. Bf3 Rb8 13. Nd4 Bb7 14. Bxb7 Rxb7
15. Nc6 Qe8 16. Qf3 Nc5 17. Rb1 Rc7 18. Nd4 a6 19. b4 Ncd7 20. Qe2 Qc8 21. c5
bxc5 22. Nf3 cxb4 23. Na2 Rc2 24. Bd2 Rxa2 25. Rfc1 Qb7 26. Rxb4 Qd5 27. Rd4
Qh5 28. Rd3 Nc5 29. Rdc3 Ng4 30. g3 Nxh2 31. Rxc5 Nxf3+ 0-1

[Event "Ostsjaellands EMT 2008"]
[Site "Faxe"]
[Date "2008.03.26"]
[Round "1"]
[White "Johannsen, Bjorn"]
[Black "Toftvang, Ove"]
[Result "1-0"]
[WhiteElo "1573"]
[BlackElo "1253"]
[PlyCount "69"]
[EventDate "2008.03.26"]

1. d4 f5 2. Nf3 d5 3. e3 g6 4. b3 Bg7 5. Bb2 Nf6 6. c4 O-O 7. cxd5 Kh8 8. Bc4
a6 9. Nc3 b5 10. Bd3 b4 11. Na4 Nxd5 12. Rc1 e6 13. Nc5 a5 14. Qe2 c6 15. h4 h6
16. g3 Nd7 17. Nxe6 Qb6 18. Nxf8 Nxf8 19. Ne5 Bxe5 20. dxe5 Be6 21. O-O a4 22.
Bc4 Kh7 23. Rfd1 Nd7 24. bxa4 Rxa4 25. Bb3 Ra8 26. Rd2 Nb8 27. Bd4 Qa5 28. Rdc2
h5 29. Rxc6 Nxc6 30. Rxc6 Bd7 31. Rc5 Nc3 32. Qc4 Bb5 33. Rc7+ Kh6 34. Qf7 Ne2+
35. Kh2 1-0

[Event "Ostsjaellands EMT 2008"]
[Site "Faxe"]
[Date "2008.03.26"]
[Round "1"]
[White "Eckert, Svend"]
[Black "Jakobsen, Henning"]
[Result "1/2-1/2"]
[WhiteElo "1543"]
[BlackElo "1246"]
[PlyCount "100"]
[EventDate "2008.03.26"]

1. c4 Nf6 2. d4 g6 3. Nc3 Bg7 4. e4 d6 5. Nf3 O-O 6. Be2 Bg4 7. O-O Nc6 8. h3
Bxf3 9. Bxf3 e5 10. Ne2 Nd7 11. Be3 Ne7 12. d5 f5 13. Nc3 f4 14. Bd2 Nf6 15.
Rb1 g5 16. g4 Ng6 17. Be2 Nh4 18. f3 Qd7 19. Be1 h5 20. Bxh4 gxh4 21. Kg2 hxg4
22. hxg4 Bh6 23. Rh1 Bg5 24. Rh3 Qg7 25. Kf2 Qd7 26. Qh1 Kf7 27. b4 a6 28. c5
c6 29. Rd1 Qc7 30. dxc6 dxc5 31. Nd5 Nxd5 32. Rxd5 bxc6 33. Rxc5 Qb6 34. Qa1
Rfe8 35. Qc3 Be7 36. Kg2 Bxc5 37. bxc5 Qd8 38. Qb3+ Kg7 39. Qb7+ Re7 40. Qb2
Rb8 41. Qc3 a5 42. Rxh4 Re6 43. Rh5 Qc7 44. Rf5 Kg6 45. Bc4 Re7 46. Bb3 Rb4 47.
Qe1 Rh7 48. Qc3 Re7 49. Bg8 Qb8 50. Bb3 Qc7 1/2-1/2

[Event "Ostsjaellands EMT 2008"]
[Site "Faxe"]
[Date "2008.03.26"]
[Round "1"]
[White "Voigt, Keld"]
[Black "Christoffersen, Per"]
[Result "0-1"]
[WhiteElo "1202"]
[BlackElo "1518"]
[PlyCount "68"]
[EventDate "2008.03.26"]

1. e4 e6 2. Nc3 d5 3. d4 Bb4 4. e5 c5 5. Bd2 cxd4 6. Nb5 Be7 7. Nxd4 Nc6 8. Bb5
Bd7 9. Bxc6 bxc6 10. Nb3 c5 11. Qg4 g6 12. Nf3 h5 13. Qg3 Nh6 14. Bg5 Nf5 15.
Bxe7 Qxe7 16. Qg5 Qxg5 17. Nxg5 c4 18. Nc5 Bc6 19. b3 Rb8 20. O-O Nd4 21. bxc4
dxc4 22. Rab1 O-O 23. c3 Ne2+ 24. Kh1 Rxb1 25. Rxb1 Nxc3 26. Rc1 Rd8 27. h3
Rd1+ 28. Rxd1 Nxd1 29. Nge4 c3 30. Nf6+ Kg7 31. Nd3 c2 32. Kg1 Nc3 33. Nc1 Bb5
34. f3 Ne2+ 0-1

[Event "Ostsjaellands EMT 2008"]
[Site "Faxe"]
[Date "2008.03.26"]
[Round "1"]
[White "Andersen, Hans E"]
[Black "Jepsen, Finn"]
[Result "1/2-1/2"]
[WhiteElo "1512"]
[BlackElo "1183"]
[PlyCount "88"]
[EventDate "2008.03.26"]

1. e4 c5 2. c4 Nc6 3. Nf3 d6 4. h3 Nf6 5. d3 g6 6. b3 Bg7 7. Bb2 O-O 8. Nc3 Nd7
9. Qd2 Nde5 10. Be2 Nxf3+ 11. Bxf3 Nd4 12. Be2 f5 13. Nd5 e5 14. Bxd4 exd4 15.
Bf3 fxe4 16. Bxe4 Bf5 17. f3 Bxe4 18. fxe4 Qh4+ 19. Kd1 Bh6 20. g3 Qh5+ 21. Qe2
Qg5 22. g4 Qe5 23. Kc2 Bf4 24. Raf1 Bg3 25. Rxf8+ Rxf8 26. Rf1 Rxf1 27. Qxf1
Bh4 28. Qf4 Qxf4 29. Nxf4 Bg3 30. Nd5 Kf7 31. Kd2 Bh4 32. Ke2 Bd8 33. Nf4 g5
34. Ng2 h6 35. Kf3 Kg6 36. Kg3 Bf6 37. Ne1 Be5+ 38. Kg2 h5 39. Nf3 h4 40. Kf2
Bf6 41. Ke2 Kf7 42. Kd2 Ke7 43. Kc2 Kd7 44. Kb2 Kc6 1/2-1/2

[Event "Ostsjaellands EMT 2008"]
[Site "Faxe"]
[Date "2008.03.26"]
[Round "1"]
[White "Eriksen, Knud Ejler"]
[Black "Hansen, Egon"]
[Result "1/2-1/2"]
[WhiteElo "1158"]
[BlackElo "1490"]
[PlyCount "70"]
[EventDate "2008.03.26"]

1. d4 Nf6 2. c4 d5 3. e3 e6 4. a3 c5 5. cxd5 exd5 6. Nf3 Nc6 7. Be2 Bd6 8. Nc3
O-O 9. O-O a6 10. dxc5 Bxc5 11. b4 Be7 12. Bb2 Bf5 13. Bd3 Qd7 14. h3 Rfd8 15.
Qe2 Bxd3 16. Qxd3 h6 17. Rfd1 Qe6 18. Qc2 Rac8 19. Qb3 Ne8 20. Ne2 Bf6 21. Nf4
Qe4 22. Bxf6 Nxf6 23. Qa2 Qc4 24. Qb2 Qe4 25. Ne2 b5 26. Rac1 Ne7 27. Rxc8 Rxc8
28. Qb3 Qc2 29. Qd3 Kf8 30. Rd2 Qxd3 31. Rxd3 Ke8 32. g4 Ne4 33. Kg2 g5 34.
Nfd4 Nf6 35. f3 Kf8 1/2-1/2

[Event "Ostsjaellands EMT 2008"]
[Site "Faxe"]
[Date "2008.03.26"]
[Round "1"]
[White "Nielsen, Harald"]
[Black "Nielsen, Johannes"]
[Result "1-0"]
[WhiteElo "1444"]
[BlackElo "1005"]
[PlyCount "125"]
[EventDate "2008.03.26"]

1. e4 e5 2. Nf3 Nc6 3. Bb5 a6 4. Ba4 Nf6 5. d3 Bc5 6. Bxc6 dxc6 7. h3 Qe7 8.
Be3 Bxe3 9. fxe3 O-O 10. O-O h6 11. c3 Rd8 12. Na3 b5 13. Qe2 Bb7 14. Nh4 Bc8
15. Nf5 Bxf5 16. exf5 Rd6 17. Nc2 c5 18. e4 Nh7 19. a3 Rad8 20. Rad1 f6 21. Ne3
c6 22. Rd2 a5 23. Rfd1 a4 24. h4 Qc7 25. c4 Qb8 26. cxb5 cxb5 27. Rc2 Rc8 28.
Rdc1 Rd7 29. Rxc5 Rxc5 30. Rxc5 Nf8 31. Kh2 Qd6 32. Rd5 Qc6 33. Rxd7 Nxd7 34.
Nd5 Qd6 35. Qc2 Kh7 36. h5 Qb8 37. Qc6 Qe8 38. g4 Qd8 39. Qxb5 Qc8 40. Nc3 Qc5
41. Qxc5 Nxc5 42. Kg2 Nxd3 43. Nxa4 Kg8 44. b4 Ne1+ 45. Kf1 Nc2 46. b5 Nxa3 47.
b6 Nc4 48. b7 Nd2+ 49. Ke2 Nxe4 50. b8=Q+ Kh7 51. Nb6 Ng3+ 52. Kd3 Nf1 53. Ke2
Ng3+ 54. Kf3 Nxh5 55. Qd6 Nf4 56. Nd7 Ne2 57. Nf8+ Kg8 58. Qd8 Nd4+ 59. Kg2 Nc6
60. Qd5+ Kxf8 61. Qxc6 Kg8 62. g5 fxg5 63. f6 1-0

[Event "Ostsjaellands EMT 2008"]
[Site "Faxe"]
[Date "2008.04.02"]
[Round "2"]
[White "Jensen, Leif"]
[Black "Refsgaard, Kaj"]
[Result "1/2-1/2"]
[WhiteElo "2004"]
[BlackElo "1645"]
[PlyCount "105"]
[EventDate "2008.03.26"]

1. e4 c5 2. g3 Nc6 3. Bg2 d6 4. d3 g6 5. c3 Nf6 6. f4 Bg7 7. Nf3 Qc7 8. O-O O-O
9. Na3 a6 10. Nc2 Rb8 11. Be3 Ng4 12. h3 Nxe3 13. Nxe3 b5 14. Rb1 b4 15. c4 Nd4
16. Nd5 Qd8 17. Kh2 e6 18. Ne3 Qa5 19. Nxd4 cxd4 20. Nc2 Qxa2 21. Qd2 Qa5 22.
Ra1 Qc5 23. Ra4 b3 24. Ra5 Qc7 25. Na3 Rb6 26. Ra1 Bb7 27. Qd1 f5 28. exf5 Bxg2
29. Kxg2 exf5 30. Nb1 Re8 31. Nd2 Re3 32. Nf3 Qe7 33. Kf2 Rb8 34. Rxa6 Re8 35.
Ra8 Re2+ 36. Kf1 Rxb2 37. R1a7 Qe3 38. Rxe8+ Qxe8 39. Qe1 Qe3 40. Qxe3 dxe3 41.
Ra8+ Bf8 42. Nd4 Ra2 43. Rb8 b2 44. Ne6 Kf7 45. Nxf8 Ra1+ 46. Ke2 b1=Q 47. Rxb1
Rxb1 48. Nxh7 Rg1 49. Ng5+ Ke7 50. g4 fxg4 51. hxg4 Rxg4 52. Kxe3 Rg3+ 53. Nf3
1/2-1/2

[Event "Ostsjaellands EMT 2008"]
[Site "Faxe"]
[Date "2008.04.02"]
[Round "2"]
[White "Lindskov, Villy"]
[Black "Hansen, Borge"]
[Result "1-0"]
[WhiteElo "1868"]
[BlackElo "1554"]
[PlyCount "87"]
[EventDate "2008.03.26"]

1. d4 d5 2. Nf3 Nf6 3. c4 dxc4 4. e3 e6 5. Bxc4 c5 6. O-O cxd4 7. Nxd4 Be7 8.
Qe2 O-O 9. Nc3 a6 10. Bd3 Bd7 11. Rd1 Qe8 12. a3 Nc6 13. Nxc6 Bxc6 14. e4 Qc8
15. Bf4 Rd8 16. Rac1 Rd7 17. e5 Nd5 18. Nxd5 exd5 19. Bf5 Qd8 20. Qg4 Rc7 21.
e6 fxe6 22. Bxe6+ Kh8 23. Bxc7 Qxc7 24. Bxd5 Bf6 25. Bxc6 bxc6 26. Rc2 Rb8 27.
b4 a5 28. Qe4 axb4 29. axb4 Qb7 30. Rxc6 h6 31. Rb1 Qd7 32. g3 Re8 33. Qc2 Rf8
34. Rd1 Qg4 35. Rc4 Qe6 36. Re4 Qb6 37. Qc5 Qb8 38. Rde1 Rc8 39. Qxc8+ Qxc8 40.
Re8+ Qxe8 41. Rxe8+ Kh7 42. b5 Bd4 43. Re6 Ba7 44. b6 1-0

[Event "Ostsjaellands EMT 2008"]
[Site "Faxe"]
[Date "2008.04.02"]
[Round "2"]
[White "Christoffersen, Per"]
[Black "Sorensen, Soren"]
[Result "0-1"]
[WhiteElo "1518"]
[BlackElo "1866"]
[PlyCount "76"]
[EventDate "2008.03.26"]

1. d4 b6 2. Nf3 Bb7 3. c4 Nf6 4. Nc3 g6 5. Qc2 Bg7 6. e4 d6 7. Be2 O-O 8. O-O
Nc6 9. a3 h6 10. Be3 Qd7 11. Rad1 Kh7 12. h3 Rae8 13. Nd2 e5 14. dxe5 Nxe5 15.
f4 Nc6 16. Bf3 Ng8 17. Nb3 Qc8 18. Bg4 f5 19. exf5 gxf5 20. Nd5 Nge7 21. Nxe7
Rxe7 22. Bf2 Kg8 23. Bf3 Nd8 24. Bxb7 Nxb7 25. Bd4 Nc5 26. Bxg7 Rxg7 27. Nxc5
bxc5 28. Qd3 Qe8 29. Qd5+ Kh8 30. Rde1 Qh5 31. Kh2 Rfg8 32. Rf2 Qh4 33. Ree2
Qg3+ 34. Kh1 Qg6 35. Re6 Qh5 36. Ree2 Rg3 37. Qc6 Rxh3+ 38. gxh3 Qxh3+ 0-1

[Event "Ostsjaellands EMT 2008"]
[Site "Faxe"]
[Date "2008.04.02"]
[Round "2"]
[White "Andersen, Bjarne Hjorth"]
[Black "Nielsen, Harald"]
[Result "1-0"]
[WhiteElo "1846"]
[BlackElo "1444"]
[PlyCount "63"]
[EventDate "2008.03.26"]

1. e4 e5 2. Nf3 Nc6 3. d4 d6 4. dxe5 dxe5 5. Qxd8+ Kxd8 6. Bc4 f6 7. O-O Bd6 8.
Nc3 Nge7 9. Nb5 Bg4 10. Be3 a6 11. Nxd6 cxd6 12. Rfd1 Kc7 13. Rd2 Rhd8 14. Ne1
Rac8 15. f3 Bh5 16. Rad1 Rb8 17. g4 Be8 18. c3 b5 19. Bb3 Na5 20. Nc2 Nxb3 21.
axb3 Bf7 22. Nb4 Ra8 23. c4 bxc4 24. bxc4 a5 25. Nd5+ Nxd5 26. cxd5 Ra6 27.
Rc1+ Kb7 28. Rdc2 Rd7 29. Rc6 a4 30. R1c3 g6 31. R3c4 a3 32. Rb4+ 1-0

[Event "Ostsjaellands EMT 2008"]
[Site "Faxe"]
[Date "2008.04.02"]
[Round "2"]
[White "Eriksen, Knud Ejler"]
[Black "Andersen, Hans E"]
[Result "0-1"]
[WhiteElo "1158"]
[BlackElo "1512"]
[PlyCount "52"]
[EventDate "2008.03.26"]

1. d4 g6 2. Nf3 Bg7 3. e3 d6 4. c3 Nf6 5. Bc4 Nc6 6. Nbd2 d5 7. Bb5 Bd7 8. a3
a6 9. Ba4 b5 10. Bb3 Bg4 11. Ba2 Ne4 12. Qe2 O-O 13. O-O e5 14. Nb3 Re8 15. Rd1
exd4 16. cxd4 Ne7 17. Nbd2 Nf5 18. Re1 Nh4 19. b4 Nxd2 20. Bxd2 Bxf3 21. Qd3
Bxg2 22. f4 Be4 23. Qf1 Nf3+ 24. Kf2 Qh4+ 25. Ke2 Qxh2+ 26. Kd1 Qxd2# 0-1

[Event "Ostsjaellands EMT 2008"]
[Site "Faxe"]
[Date "2008.04.02"]
[Round "2"]
[White "Hansen, Egon"]
[Black "Jepsen, Finn"]
[Result "1-0"]
[WhiteElo "1490"]
[BlackElo "1183"]
[PlyCount "77"]
[EventDate "2008.03.26"]

1. e4 c5 2. Nf3 Nc6 3. d4 cxd4 4. Nxd4 d6 5. Nc3 Nf6 6. Be2 e6 7. O-O Be7 8.
Be3 a6 9. a4 O-O 10. Qd2 e5 11. Nxc6 bxc6 12. Rfd1 a5 13. f3 Be6 14. Qe1 Ne8
15. Qf2 f5 16. exf5 Bxf5 17. Bd3 Bxd3 18. Rxd3 Qd7 19. Ne4 Qe6 20. Qe2 Nf6 21.
Ng3 Qf7 22. Nf5 Nd5 23. Nxe7+ Qxe7 24. Bd2 Qd7 25. c4 Nf4 26. Bxf4 Rxf4 27. b3
Qa7+ 28. Kh1 Rd8 29. Rad1 Qc7 30. Qd2 Rf6 31. Re1 Qe7 32. Qxa5 Rff8 33. Qb6 c5
34. Qc6 Rf4 35. Re4 h6 36. Qd5+ Kh7 37. g3 Rf5 38. Re2 g5 39. Qe4 1-0

[Event "Ostsjaellands EMT 2008"]
[Site "Faxe"]
[Date "2008.04.02"]
[Round "2"]
[White "Wehlast, Svend Erik"]
[Black "Jakobsen, Henning"]
[Result "1-0"]
[WhiteElo "1427"]
[BlackElo "1246"]
[PlyCount "134"]
[EventDate "2008.03.26"]

1. d4 d5 2. c4 e6 3. Nc3 c6 4. Nf3 h6 5. e3 Nf6 6. Bd2 Nbd7 7. cxd5 exd5 8. Bd3
Be7 9. O-O O-O 10. a3 Nh7 11. Qc2 Ng5 12. Nxg5 Bxg5 13. f4 Be7 14. Ne2 Bd6 15.
Ng3 Nf6 16. Nf5 Bxf5 17. Bxf5 Re8 18. Rae1 Ne4 19. Bxe4 Rxe4 20. Rf3 f5 21. Rg3
Be7 22. Rh3 Bf6 23. b4 Qd7 24. Rf1 Kh7 25. Qd1 Rf8 26. Qh5 Bd8 27. Rff3 Qf7 28.
Qxf7 Rxf7 29. Be1 Re8 30. Bh4 Bb6 31. Kf1 Ra8 32. Bg5 a5 33. Rh4 axb4 34. axb4
Ra4 35. Rfh3 Rxb4 36. Bxh6 gxh6 37. Rxh6+ Kg7 38. Rh7+ Kf6 39. R3h6+ Ke7 40.
Rxf7+ Kxf7 41. Rh7+ Ke6 42. Rxb7 Ba5 43. Rh7 Rb3 44. Rh6+ Kd7 45. Ke2 Rb2+ 46.
Kf3 Bd2 47. Rh7+ Kd6 48. Rh6+ Kc7 49. Re6 Be1 50. Re5 Rf2+ 51. Kg3 Ra2+ 52. Kf3
Rf2+ 53. Kg3 Kb6 54. Rxf5 Kb5 55. Re5 Kc4 56. h3 Kd3 57. Re6 Re2+ 58. Kf3 Bd2
59. f5 Rxe3+ 60. Rxe3+ Bxe3 61. g4 Bg5 62. Kg3 Kxd4 63. h4 Be7 64. g5 Ke5 65.
f6 Bxf6 66. gxf6 Kxf6 67. Kg4 Kg6 1-0

[Event "Ostsjaellands EMT 2008"]
[Site "Faxe"]
[Date "2008.04.02"]
[Round "2"]
[White "Joost, Kjeld"]
[Black "Nielsen, Poul Erik2"]
[Result "0-1"]
[WhiteElo "1419"]
[BlackElo "1255"]
[PlyCount "64"]
[EventDate "2008.03.26"]

1. e4 c5 2. Bc4 e6 3. d3 a6 4. a3 b5 5. Ba2 Be7 6. Nf3 d6 7. O-O Bb7 8. Be3 Bf6
9. c3 Nc6 10. Qd2 h6 11. Re1 Nge7 12. d4 cxd4 13. Nxd4 Nxd4 14. Bxd4 e5 15. Be3
Bxe4 16. f4 Bc6 17. fxe5 Bxe5 18. Qf2 Nd5 19. Bd4 f6 20. Bxe5 dxe5 21. Nd2 Qb6
22. c4 Qxf2+ 23. Kxf2 Nf4 24. Bb1 O-O-O 25. Bf5+ Kc7 26. Nf3 g6 27. Bc2 g5 28.
g3 Nd3+ 29. Bxd3 Rxd3 30. Re3 Rhd8 31. Rxd3 Rxd3 32. Ke2 Rxf3 0-1

[Event "Ostsjaellands EMT 2008"]
[Site "Faxe"]
[Date "2008.04.02"]
[Round "2"]
[White "Toftvang, Ove"]
[Black "Christoffersen, Ib"]
[Result "1-0"]
[WhiteElo "1253"]
[BlackElo "1353"]
[PlyCount "115"]
[EventDate "2008.03.26"]

1. e4 e5 2. Nf3 d6 3. g3 Bg4 4. Bg2 Nc6 5. c3 Nf6 6. d3 h6 7. h3 Bh5 8. g4 Bg6
9. b4 a6 10. O-O Be7 11. Nh2 h5 12. g5 Nh7 13. h4 Nf8 14. f4 exf4 15. Bxf4 Ne6
16. Be3 f6 17. d4 Nf8 18. Qd2 Nh7 19. gxf6 gxf6 20. e5 fxe5 21. Bxc6+ bxc6 22.
Qg2 Rg8 23. Qxc6+ Qd7 24. Qxa8+ Bd8 25. Bg5 Bf7 26. Rxf7 Kxf7 27. Qd5+ Kf8 28.
Qf3+ Bf6 29. Kh1 Nxg5 30. Qxf6+ Nf7 31. Nd2 Qc6+ 32. Qf3 Qxf3+ 33. Ndxf3 exd4
34. cxd4 Nh6 35. Ng5 Ke7 36. d5 Nf5 37. Re1+ Kd7 38. Nhf3 Nxh4 39. Rg1 Nf5 40.
Ne4 Rxg1+ 41. Kxg1 Ne3 42. Nf6+ Ke7 43. Nxh5 Nxd5 44. a3 Nc3 45. Nd4 Nb1 46.
Nc2 Kd7 47. Nf4 Nc3 48. Kf1 Kc6 49. Ne2 Nxe2 50. Kxe2 Kb5 51. Kd3 a5 52. Nd4+
Ka4 53. Kc4 axb4 54. axb4 c5 55. b5 Ka5 56. Nc6+ Kb6 57. Ne7 Ka5 58. Nd5 1-0

[Event "Ostsjaellands EMT 2008"]
[Site "Faxe"]
[Date "2008.04.02"]
[Round "2"]
[White "Hansen, Arne Mandrup"]
[Black "Olsen, Michael2"]
[Result "0-1"]
[WhiteElo "1307"]
[BlackElo "1251"]
[PlyCount "72"]
[EventDate "2008.03.26"]

1. d4 d5 2. Bf4 Nf6 3. e3 e6 4. Nd2 Nc6 5. Ngf3 h6 6. h3 Bd6 7. Ne5 O-O 8. Be2
Nh7 9. c3 Nxe5 10. Bxe5 f6 11. Bxd6 Qxd6 12. f4 e5 13. O-O e4 14. c4 c6 15. c5
Qe7 16. Qe1 f5 17. h4 Nf6 18. Qg3 Be6 19. Qe1 Bf7 20. g3 Bh5 21. Qd1 Ng4 22.
Bxg4 Bxg4 23. Qe1 Rf6 24. Rf2 Qf7 25. Rh2 Qh5 26. Qf2 Rg6 27. Nf1 b6 28. cxb6
axb6 29. b4 Ra3 30. Qb2 Rd3 31. Rd2 Rxd2 32. Qxd2 Be2 33. Kh2 Qf3 34. Qe1 Bxf1
35. Qd2 Qxg3+ 36. Kh1 Qg1# 0-1

[Event "Ostsjaellands EMT 2008"]
[Site "Faxe"]
[Date "2008.04.02"]
[Round "2"]
[White "Voigt, Keld"]
[Black "Lillebro, Verner"]
[Result "0-1"]
[WhiteElo "1202"]
[BlackElo "1294"]
[PlyCount "82"]
[EventDate "2008.03.26"]

1. d4 d5 2. Bf4 Nf6 3. e3 a6 4. c4 e6 5. c5 Nc6 6. Nf3 Nh5 7. Be5 f6 8. Bg3
Nxg3 9. hxg3 e5 10. Nh4 e4 11. Qh5+ Ke7 12. Nc3 Nb4 13. Qd1 g5 14. a3 Nc6 15.
Be2 gxh4 16. gxh4 Rg8 17. g3 Bh6 18. Qd2 Bg4 19. O-O-O Bxe2 20. Qxe2 Na5 21.
Kb1 Nc4 22. Qh5 Rg6 23. Nxd5+ Ke6 24. Nf4+ Bxf4 25. exf4 f5 26. Qxh7 Qg8 27.
Qxc7 Rg7 28. d5+ Kf6 29. d6 Rxc7 30. dxc7 Rc8 31. Rd4 Rxc7 32. b3 Nxa3+ 33. Ka2
Nb5 34. Rc4 a5 35. Rd1 Rc6 36. Rg1 Qd8 37. Rg2 Qd5 38. g4 fxg4 39. Kb2 Rxc5 40.
Ra4 e3 41. f5 Qxg2 0-1

[Event "Ostsjaellands EMT 2008"]
[Site "Faxe"]
[Date "2008.04.02"]
[Round "2"]
[White "Andersen, Hans Poul"]
[Black "Nielsen, Johannes"]
[Result "1/2-1/2"]
[WhiteElo "1280"]
[BlackElo "1005"]
[PlyCount "83"]
[EventDate "2008.03.26"]

1. e4 e5 2. Bc4 Nf6 3. d3 c6 4. a3 d5 5. exd5 cxd5 6. Ba2 Nc6 7. Ne2 Bc5 8. h3
O-O 9. O-O Re8 10. Nbc3 Be6 11. b4 Bb6 12. Bb2 Qc7 13. Ng3 a6 14. Nce2 Rad8 15.
Qc1 d4 16. Bxe6 Rxe6 17. Kh1 h6 18. f4 e4 19. dxe4 Nxe4 20. Nxe4 Rxe4 21. Ng3
Re6 22. f5 Re3 23. Nh5 f6 24. Qd1 Qe5 25. Qg4 Rd7 26. Rad1 Re4 27. Qg3 Qxg3 28.
Nxg3 Re3 29. Rd3 Rxd3 30. cxd3 Ne5 31. Rd1 Rc7 32. Ne4 Rc6 33. Bc1 Nxd3 34.
Rxd3 Rxc1+ 35. Kh2 Bc7+ 36. g3 Be5 37. Kg2 Rc2+ 38. Kf3 g5 39. fxg6 Kg7 40. Nc5
Rc3 41. g4 Kxg6 42. Ke4 1/2-1/2

[Event "Ostsjaellands EMT 2008"]
[Site "Faxe"]
[Date "2008.04.07"]
[Round "2"]
[White "Eckert, Svend"]
[Black "Eriksen, Keld"]
[Result "1-0"]
[WhiteElo "1543"]
[BlackElo "1695"]
[PlyCount "57"]
[EventDate "2008.03.26"]

1. c4 e5 2. e3 f5 3. Nc3 Nf6 4. Qc2 d6 5. d4 e4 6. f3 exf3 7. Nxf3 Be7 8. Bd3
g6 9. O-O O-O 10. e4 fxe4 11. Nxe4 Bf5 12. Bh6 Re8 13. Nxf6+ Bxf6 14. Bxf5 gxf5
15. Qxf5 Nc6 16. Kh1 Qe7 17. Rae1 Qf7 18. d5 Ne7 19. Qg4+ Ng6 20. h4 Kh8 21.
Ng5 Qg8 22. Re6 Bxg5 23. Bxg5 Rxe6 24. dxe6 h6 25. Rf7 Qxf7 26. exf7 hxg5 27.
Qxg5 Kh7 28. h5 Ne5 29. Qe7 1-0

[Event "Ostsjaellands EMT 2008"]
[Site "Faxe"]
[Date "2008.04.16"]
[Round "3"]
[White "Andersen, Hans E"]
[Black "Jensen, Leif"]
[Result "0-1"]
[WhiteElo "1512"]
[BlackElo "2004"]
[PlyCount "32"]
[EventDate "2008.03.26"]

1. e4 e6 2. Nc3 d5 3. Nf3 dxe4 4. Nxe4 Nd7 5. Bc4 Ngf6 6. Nxf6+ Nxf6 7. O-O Bd6
8. d3 h6 9. Be3 O-O 10. Qd2 b6 11. h3 Bb7 12. Nh4 Ng4 13. g3 Ne5 14. Bb3 Qxh4
15. f3 Qxg3+ 16. Qg2 Nxf3+ 0-1

[Event "Ostsjaellands EMT 2008"]
[Site "Faxe"]
[Date "2008.04.16"]
[Round "3"]
[White "Andersen, Bjarne Hjorth"]
[Black "Lindskov, Villy"]
[Result "1-0"]
[WhiteElo "1846"]
[BlackElo "1868"]
[PlyCount "45"]
[EventDate "2008.03.26"]

1. e4 c5 2. Nf3 d6 3. d4 cxd4 4. Nxd4 Nf6 5. Nc3 a6 6. Bg5 e6 7. f4 Be7 8. Qf3
Qc7 9. O-O-O Nc6 10. g4 Nxd4 11. Rxd4 b5 12. Bg2 Bb7 13. Rhd1 Rd8 14. Qe2 O-O
15. e5 Nd5 16. Nxd5 Bxd5 17. exd6 Bxd6 18. Bxd8 Bxf4+ 19. Kb1 Rxd8 20. Bxd5
exd5 21. Rxd5 Rc8 22. Rd7 Qb6 23. Qe7 1-0